Goedel, Escher, Bach : an Eternal Golden Braid

Αποθηκεύτηκε σε:
Λεπτομέρειες βιβλιογραφικής εγγραφής
Κύριος συγγραφέας: Hofstadter, Douglas R., 1945-
Μορφή: Βιβλίο
Γλώσσα:English
Δημοσίευση: London ; New York : Penguin Books, 1980
Θέματα:
Ετικέτες: Προσθήκη ετικέτας
Δεν υπάρχουν, Καταχωρήστε ετικέτα πρώτοι!

MARC

LEADER 00000nam a2200000 i 4500
001 1/36829
008 941103s1980 eng d
020 |a 0-14-017997-6 
035 |1 ΕΛΗ  |a 1997  |b 1604  |c ΣΠΙΝΕΛΛΗΣ  |l 10040342 
040 |a GR-MY-UA  |b gre  |e aacr 
041 0 |a eng 
082 0 |a 510.1 
100 1 |a Hofstadter, Douglas R.,   |d 1945- 
245 1 0 |a Goedel, Escher, Bach :  |b an Eternal Golden Braid /  |c Douglas R. Hofstadter 
260 |a London ; New York :   |b Penguin Books,   |c 1980 
300 |a xxi, 777 p.;  |b ill.;  |c 24 cm. 
500 |a A metaphorical fugue on minds and machines in the spirit of Lewis Carroll 
500 |a Includes bibliographical references (p.746-756) and index 
600 1 0 |a Bach Johann Sebastian  |d 1685-1750. 
600 1 0 |a Escher M. C.  |q (Maurits Cornelis)  |d 1898-1972. 
600 1 0 |a Gödel, Kurt. 
650 0 0 |a Metamathematics. 
650 0 0 |a Symmetry. 
650 0 0 |a Artificial intelligence. 
852 |a INST  |b SAMOS  |e 19970417  |h 510.1 HOF  |p 005300008897  |q 005300008897  |t BK  |y 0 
852 |a INST  |b SAMOS  |e 19941103  |h 510.1 HOF  |p 005300014137  |q 005300014137  |t BK  |y 12 
901 |a BIBL-1997-2 
909 |a Σ  |b 017236 
909 |a Σ  |b 050856